000 00305nam a22001337a 4500
020 _a9789694230108
082 _a297
100 _aEslahi, Muhammad Yousaf
245 _aAssan Fiqa
260 _aLahore :
_bIslamic Publication.
_c2013.
300 _a334 p. ;
_b21 cm.
500 _aPaperback.
942 _cBK
999 _c34195
_d34195